000 00932nam0a22002771 4500
001 rc\2772535
005 20250806201236.0
035 _a(NLR Aleph) 006898890
090 _a16367
_c16367
100 _a20110915d1941 u y0rusy50 ca
101 0 _arus
102 _aRU
105 _aa z |||||
200 1 _aКонсервативное лечение сужений уретры
_fПод ред. доц. С. А. Масумова
210 _aТашкент
_cУзбекское гос. изд-во
_d1941
215 _a56 с.
_cил.
_d20 см.
320 _aБиблиогр.: с. 55-56
700 1 _aМирсагатов
_bМ.У.
_gМирза Усманович
702 1 _aМасумов
_bС.А.
_4340
801 0 _aRU
_bNLR
_gpsbo
801 1 _aRU
_bELAR
_2rusmarc
852 _aNLR
_jМд40 Г-4/313
942 _cBOOK
945 _aРоссийская национальная библиотека
980 _aNB
980 _aBV